Invincible Louisa : (Record no. 298407)
[ view plain ]
| 000 -LEADER | |
|---|---|
| fixed length control field | 00712nam a2200229Ia 4500 |
| 008 - FIXED-LENGTH DATA ELEMENTS--GENERAL INFORMATION | |
| fixed length control field | 160803s9999 xx 000 0 und d |
| 020 ## - INTERNATIONAL STANDARD BOOK NUMBER | |
| International Standard Book Number | 9780590406383 |
| 100 ## - MAIN ENTRY--PERSONAL NAME | |
| Personal name | Meigs, Cornelia |
| 245 ## - TITLE STATEMENT | |
| Title | Invincible Louisa : |
| 245 ## - TITLE STATEMENT | |
| Statement of responsibility, etc | by Cornelia Meigs ; with illustrations. |
| 260 ## - PUBLICATION, DISTRIBUTION, ETC. (IMPRINT) | |
| Place of publication, distribution, etc | New York : |
| 260 ## - PUBLICATION, DISTRIBUTION, ETC. (IMPRINT) | |
| Name of publisher, distributor, etc | Scholastic Inc. |
| 260 ## - PUBLICATION, DISTRIBUTION, ETC. (IMPRINT) | |
| Date of publication, distribution, etc | 1933 |
| 300 ## - PHYSICAL DESCRIPTION | |
| Extent | 260 pages : |
| 300 ## - PHYSICAL DESCRIPTION | |
| Other physical details | illustrations : |
| 300 ## - PHYSICAL DESCRIPTION | |
| Dimensions | 20 cm. |
| 500 ## - GENERAL NOTE | |
| General note | Title varies: 1933, The story of the author of Little women: Invincible Louisa -- 1935, The story of Louisa Alcott. |
| 650 ## - SUBJECT ADDED ENTRY--TOPICAL TERM | |
| Topical term or geographic name as entry element | Alcott, Louisa May, 1832-1888. |
| 650 ## - SUBJECT ADDED ENTRY--TOPICAL TERM | |
| Topical term or geographic name as entry element | Authors, American -- 19th century -- |
| 650 ## - SUBJECT ADDED ENTRY--TOPICAL TERM | |
| General subdivision | Biography. |
| 700 ## - ADDED ENTRY--PERSONAL NAME | |
| Personal name | 1150 |
| Withdrawn status | Lost status | Damaged status | Home library | Current library | Shelving location | Date acquired | Total Checkouts | Barcode | Date last seen | Price effective from | Koha item type |
|---|---|---|---|---|---|---|---|---|---|---|---|
| Stonyhurst Southville International School (Batangas) | Stonyhurst Southville International School (Batangas) | Lexiled | 08/03/2016 | SC-333 | 08/03/2016 | 08/03/2016 | Books |